000 00416nam a2200169Ia 4500
001 22868
005 20260414150859.0
008 260414t2013||||xx |||||||||||||| ||spa||
041 _aESP
082 _a624.15136
_bJ81 T. 3
100 _aJuárez Badillo, Eulalio
_eAUT
245 0 _aMecánica de suelos :
_bflujo de agua en suelos
260 _c2013
650 _a0
654 _aCIC
942 _cLIB
_dJUS
_fJUS
_2ddc
_n
999 _c22868
_d22868